| 000 | 00815nas a2200241 4500 | ||
|---|---|---|---|
| 001 | BR9601417 | ||
| 003 | BR-BrBNA | ||
| 005 | 20231205095721.0 | ||
| 007 | ta | ||
| 008 | 230509b bl.|||p| |||| 00| 00por d | ||
| 040 |
_aBR-BrBNA _bpor _cBiblioteca Nacional de Agricultura |
||
| 041 | _a(Pt) | ||
| 072 | _aF01 | ||
| 100 | 1 | _aPassos, L.P. | |
| 100 | 1 | _aKatterman, F. | |
| 245 | 1 | _aProducao de calo embriogenico em capim-elefante, em resposta a diferentes cultivos, explantes e reguladores do crescimento | |
| 650 | _aCapim Elefante | ||
| 650 | _aCultura de Tecido | ||
| 650 | _aRegulador de Crescimento | ||
| 773 | 0 |
_tRevista da Sociedade Brasileira de Zootecnia (Brazil) _xISSN 0100-4859 _g(Sep-Oct 1994), v. 23(5) p. 743-753 _wBR9601417 |
|
| 909 |
_a202311 _bLúcia _c55 _dLúcia Elande |
||
| 942 |
_2AGRIS _n0 _cANA |
||
| 999 |
_c152323 _d152323 |
||